Ionization and breakdown in gases (Record no. 3608)

MARC details
000 -LEADER
fixed length control field 00571nam a2200205Ia 4500
003 - CONTROL NUMBER IDENTIFIER
control field IN-BaIIA
008 - FIXED-LENGTH DATA ELEMENTS--GENERAL INFORMATION
fixed length control field 211028s9999 xx 000 0 eng d
040 ## - CATALOGING SOURCE
Transcribing agency IIA Library
080 ## - UNIVERSAL DECIMAL CLASSIFICATION NUMBER
Universal Decimal Classification number 537.56
Item number LLE
100 ## - MAIN ENTRY--PERSONAL NAME
Personal name Llewellyn-Jones, F
9 (RLIN) 6397
245 #0 - TITLE STATEMENT
Title Ionization and breakdown in gases
Statement of responsibility, etc. F. Llewellyn-Jones
260 ## - PUBLICATION, DISTRIBUTION, ETC.
Place of publication, distribution, etc. London
Name of publisher, distributor, etc. Science Paperbacks
Date of publication, distribution, etc. 1957
300 ## - PHYSICAL DESCRIPTION
Extent 176p.
490 ## - SERIES STATEMENT
Series statement Science Paperbacks SP33
650 ## - SUBJECT ADDED ENTRY--TOPICAL TERM
Topical term or geographic name entry element Brownian Movements
9 (RLIN) 6398
650 ## - SUBJECT ADDED ENTRY--TOPICAL TERM
Topical term or geographic name entry element Ionization Gases
9 (RLIN) 6399
650 ## - SUBJECT ADDED ENTRY--TOPICAL TERM
Topical term or geographic name entry element Ionized Gases
9 (RLIN) 1896
650 ## - SUBJECT ADDED ENTRY--TOPICAL TERM
Topical term or geographic name entry element NASA Thesaurus
942 ## - ADDED ENTRY ELEMENTS (KOHA)
Koha item type Books
Holdings
Withdrawn status Lost status Damaged status Not for loan Home library Current library Shelving location Date acquired Cost, normal purchase price Total Checkouts Full call number Barcode Date last seen Cost, replacement price Price effective from Koha item type Purchase Price
        IIA Library-Bangalore IIA Library-Bangalore General Stacks 28/10/1970 9.88   537.56/ LLE 4030 05/11/2021 9.88 28/10/1970 Books Rs. 9.88

Powered by Koha